Guía del presupuesto general de la Nación / (Registro nro. 4012)
[ vista simple ]
| 000 -LEADER | |
|---|---|
| fixed length control field | 01040nam a2200241Ia 4500 |
| 003 - CONTROL NUMBER IDENTIFIER | |
| control field | OSt |
| 005 - DATE AND TIME OF LATEST TRANSACTION | |
| control field | 20200709142811.0 |
| 008 - FIXED-LENGTH DATA ELEMENTS--GENERAL INFORMATION | |
| fixed length control field | 191128s2018 ck fr 000 0dspa d |
| 020 ## - INTERNATIONAL STANDARD BOOK NUMBER | |
| International Standard Book Number | 9789584832078 |
| 040 ## - CATALOGING SOURCE | |
| Original cataloging agency | CO-JMCR |
| Transcribing agency | CO-JMCR |
| 041 0# - LANGUAGE CODE | |
| Language code of text/sound track or separate title | spa |
| 082 04 - DEWEY DECIMAL CLASSIFICATION NUMBER | |
| Classification number | 336.86 / |
| Item number | M828g |
| Edition number | 23 |
| 100 1# - MAIN ENTRY--PERSONAL NAME | |
| Personal name | Morales Domínguez, David Fernando, |
| Relator term | autor |
| 9 (RLIN) | 275 |
| 245 10 - TITLE STATEMENT | |
| Title | Guía del presupuesto general de la Nación / |
| Statement of responsibility, etc. | David Fernando Morales Domínguez |
| 250 ## - EDITION STATEMENT | |
| Edition statement | Primera edición |
| 260 ## - PUBLICATION, DISTRIBUTION, ETC. | |
| Place of publication, distribution, etc. | Bogotá : |
| Name of publisher, distributor, etc. | AF&M, |
| Date of publication, distribution, etc. | 2018 |
| 300 ## - PHYSICAL DESCRIPTION | |
| Extent | 136 páginas : |
| Dimensions | 21 cm. |
| 500 ## - GENERAL NOTE | |
| General note | Incluye notas a pie de páginas y datos biográficos del autor. |
| 505 0# - FORMATTED CONTENTS NOTE | |
| Formatted contents note | Exclusividad de la regulación presupuestal -- Cobertura del estatuto orgánico del presupuesto -- El sistema presupuestal -- Los principios del sistema presupuestal -- Preparación, presentación, estudio y liquidación del presupuesto general de la Nación |
| 650 14 - SUBJECT ADDED ENTRY--TOPICAL TERM | |
| Topical term or geographic name entry element | Presupuesto |
| Form subdivision | guías |
| Geographic subdivision | Colombia |
| 9 (RLIN) | 6923 |
| 650 14 - SUBJECT ADDED ENTRY--TOPICAL TERM | |
| Topical term or geographic name entry element | Gastos públicos |
| Form subdivision | guías |
| Geographic subdivision | Colombia |
| 9 (RLIN) | 6924 |
| 942 ## - ADDED ENTRY ELEMENTS (KOHA) | |
| Source of classification or shelving scheme | Dewey Decimal Classification |
| Koha item type | Books |
| Withdrawn status | Lost status | Source of classification or shelving scheme | Damaged status | Not for loan | Home library | Current library | Date acquired | Source of acquisition | Total Checkouts | Total Renewals | Full call number | Barcode | Date last seen | Date last checked out | Copy number | Koha item type | Price effective from |
|---|---|---|---|---|---|---|---|---|---|---|---|---|---|---|---|---|---|
| Dewey Decimal Classification | Biblioteca Pública José María del Castillo y Rada | Biblioteca Pública José María del Castillo y Rada | 03/05/2018 | Donación | 2 | 1 | 336.86 / M828g | 201808804 | 05/16/2024 | 01/13/2020 | Ej.2 | Books | |||||
| Dewey Decimal Classification | Biblioteca Pública José María del Castillo y Rada | Biblioteca Pública José María del Castillo y Rada | 03/05/2018 | Donación | 4 | 4 | 336.86 / M828g | 201808805 | 04/10/2025 | 03/31/2025 | Ej.1 | Books | 07/09/2020 |